Karen Gillan Filmography - Statistics

General Stats
  • This quiz has been taken 20 times
    9 since last reset
  • The average score is 9 of 30
Answer Stats
Hint Answer % Correct
2019 Jumanji: The Next Level
86%
2017 Jumanji: Welcome to the Jungle
86%
2014 Guardians of the Galaxy
71%
2017 Guardians of the Galaxy Vol. 2
71%
2023 Guardians of the Galaxy: Vol. 3
71%
2019 Avengers: Endgame
43%
2018 Avengers: Infinity War
43%
2019 Stuber
43%
2019 Spies in Disguise
29%
2022 The Bubble
29%
2020 The Call of the Wild
29%
2022 Thor: Love and Thunder
29%
2015 7 Days in Hell
14%
2017 Alex and the List
14%
2018 All Creatures Here Below
14%
2022 Dual
14%
2015 Fun Size Horror: Volume Two
14%
2021 Gunpowder Milkshake
14%
2016 In a Valley of Violence
14%
2008 New Town Killers
14%
2022 Next Exit
14%
2013 Not Another Happy Ending
14%
2013 Oculus
14%
2010 Outcast
14%
2008 Stacked
14%
2015 The Big Short
14%
2017 The Circle
14%
2018 The Party's Just Beginning
14%
2014 The Ultimate Time Lord
14%
2012 We'll Take Manhattan
14%
No matching quizzes found
Score Distribution
Percent of People with Each Score
Percentile by Number Answered
Your Score History
You have not taken this quiz since the last reset